Ч. 2; Экономическая география СССР

Bibliographische Detailangaben
Parent link:Экономическая география СССР: учебное пособие для вузов/ под ред. А. Т. Хрущева, Т. М. Калашниковой, И. В. Никольского. Ч. 2.— 2-е изд., перераб. и доп..— , 1985-
Sprache:Russisch
Veröffentlicht: 1988
Schlagworte:
Format: Buch
KOHA link:https://koha.lib.tpu.ru/cgi-bin/koha/opac-detail.pl?biblionumber=253839

MARC

LEADER 00000nam2a2200000 4500
001 253839
005 20231101232900.0
010 |a 5211000609 
035 |a (RuTPU)RU\TPU\book\276254 
090 |a 253839 
100 |a 20140317d1989 m y0rusy50 ca 
101 0 |a rus 
102 |a RU 
105 |a a j 000zy 
200 0 |a Ч. 2 
210 |d 1988 
215 |a 288 с.  |c ил. 
461 1 |0 (RuTPU)RU\TPU\book\283353  |t Экономическая география СССР  |o учебное пособие для вузов  |o в 2 ч.  |f под ред. А. Т. Хрущева, Т. М. Калашниковой, И. В. Никольского  |v Ч. 2  |e 2-е изд., перераб. и доп.  |d 1985- 
606 1 |a Экономическая география СССР  |2 stltpush  |3 (RuTPU)RU\TPU\subj\26571  |9 50468 
610 1 |a учебные пособия 
610 1 |a районирование 
610 1 |a СССР 
610 1 |a экономическая география 
610 1 |a природные условия 
610 1 |a ресурсы 
610 1 |a население 
610 1 |a производственные комплексы 
610 1 |a экономические связи 
686 |a У04(2)я73  |v LBC/SL-A  |2 rubbk 
801 1 |a RU  |b 63413507  |c 20140317 
801 2 |a RU  |b 63413507  |c 20140515  |g RCR 
942 |c BK